00836cam a2200277 a 4500999001900000001000900019003000500028005001700033008004100050010001700091020002200108035002000130040001900150042000800169050002400177060002500201082001400226245004200240260005500282300002500337650001600362650002500378906004500403942001200448952009800460 c328828d32882816104681ASAB20170417155649.0100223s2011 nyua b 001 0 eng  a 2010007621 a978-81-313-0409-9 a(DNLM)101524909 aDNLM/DLCcASAB apcc00aQP551b.P75672 201110aQU 58.5bP96747 201000a572.622200aProteomics :cby B.D. Ranjitha Kumari aNew Delhi.bA.P.H. Publishing corporation.cc2008. axi, 155 p. :c24 cm. 0aProteomics.12aProteomicsxmethods. a7bcbccorignewd1eecipf20gy-gencatlg 2ddccBK 00102ddc40708NFICaCLbCLd2017-04-17l0o572.6 RANpASAB2098r2017-04-17w2017-04-17yBK